• 首页
  • 本馆介绍
  • 公告通知
  • 最新文献
  • 馆藏检索
  • 电子资源
  • 读者导购
  • 参考咨询
  • 我的图书馆
  • 登录
  • 详细信息显示
  • 放入我的书架
  • 预约/预借图书
  • 作者相关作品
  • 分类相关作品
  • 丛书相关作品
  • 出版社相关作品

书目信息

  • 表格格式
  • 工作单格式
  • 卡片格式
题名:
素质教育铸辉煌
    
 
作者: ;河北省教育科学研究所 , 三河市教育局 编
分册:  
出版信息: 石家庄   河北人民出版社  1999
页数: 364页
开本: 20cm
丛书名:
单 册:
中图分类: G630 , G4
科图分类:
主题词: 全面发展(教育)--中学--三河市 , 全面发展(教育)--小学--三河市 , 教育
电子资源:
ISBN: 7-202-02573-6
000 00943nam0 2200265 450
001 1558031182
005 20151110133547.88
010    @a7-202-02573-6@dCNY19.00
100    @a19991108d1999 em y0chiy0110 ea
101 0  @achi
102    @aCN@b130000
105    @af z 000yy
200 1  @a素质教育铸辉煌@9su zhi jiao yu zhu hui huang@e三河市全面推进素质教育的理论与实践@f河北省教育科学研究所, 三河市教育局编
210    @a石家庄@c河北人民出版社@d1999
215    @a364页@c彩照@d20cm
517 1  @a三河市全面推进素质教育的理论与实践@9san he shi quan mian tui jin su zhi jiao yu de li lun yu shi jian
606    @a全面发展(教育)@x中学@y三河市
606    @a全面发展(教育)@x小学@y三河市
606 0  @a教育
690    @aG630@v5
690    @aG4@v4
711 02 @a河北省教育科学研究所@9he bei sheng jiao yu ke xue yan jiu suo@4编
711 02 @a三河市教育局@9san he shi jiao yu ju@4编
801  0 @aCN@bTSSF@c20150204
905    @aZUCC@dG4@eJY616
    
    素质教育铸辉煌:三河市全面推进素质教育的理论与实践/河北省教育科学研究所, 三河市教育局编.-石家庄:河北人民出版社,1999
    364页:彩照;20cm
    
    
    ISBN 7-202-02573-6:CNY19.00
    
●
相关链接 在E读中查询图书 在五车中查询图书 在当当中查询图书 在豆瓣中查询图书


正题名:素质教育铸辉煌     索取号:G4/JY616         预约/预借

序号 登录号 条形码 馆藏地/架位号 状态 备注
1 7865709   278657099   学院路分馆/ [索取号:G4/JY616] 在馆    
唐山师范学院图书馆 欢迎您!
大连网信软件有限公司© 版权所有